Statistiken für Z-A Speed-Typing

Klicken Sie hier um das Quiz zu spielen!

Allgemein

  • Dieses Quiz wurde 232 mal gespielt
  • Das Durchschnittsergebnis liegt bei 16 aus 26

Antwortstatistiken

Z-A% Korrekt
Z
99%
Y
94%
X
92%
W
86%
V
82%
U
77%
T
72%
S
71%
R
68%
Q
67%
O
62%
P
61%
N
60%
M
59%
L
56%
K
53%
J
48%
I
47%
H
44%
G
41%
F
38%
E
37%
A
36%
B
36%
D
36%
C
35%

Verteilung der Resultate

Perzentil nach korrekt beantworteten Fragen

Anzahl Personen mit jedem Resultat

Ihre Resultats-Entwicklung

Sie haben dieses Quiz noch nicht gespielt